Marvin Redpost : (Record no. 7335)

MARC details
000 -LEADER
fixed length control field 01173pam a2200361 a 4500
001 - CONTROL NUMBER
control field 7335
003 - CONTROL NUMBER IDENTIFIER
control field FISKH
005 - DATE AND TIME OF LATEST TRANSACTION
control field 20250709154657.0
008 - FIXED-LENGTH DATA ELEMENTS--GENERAL INFORMATION
fixed length control field 911220s1992 nyua j 000 1 eng
010 ## - LIBRARY OF CONGRESS CONTROL NUMBER
LC control number 91051105
020 ## - INTERNATIONAL STANDARD BOOK NUMBER
International Standard Book Number 0679819460 (trade ed.)
020 ## - INTERNATIONAL STANDARD BOOK NUMBER
International Standard Book Number 0679919465 (library ed.)
020 ## - INTERNATIONAL STANDARD BOOK NUMBER
International Standard Book Number 9780679819462
040 ## - CATALOGING SOURCE
Original cataloging agency DLC
Transcribing agency DLC
Modifying agency DLC
Language of cataloging eng
042 ## - AUTHENTICATION CODE
Authentication code lcac
050 ## - LIBRARY OF CONGRESS CALL NUMBER
Classification number PZ7.S1185 K
082 ## - DEWEY DECIMAL CLASSIFICATION NUMBER
Classification number 813.54
100 1# - MAIN ENTRY--PERSONAL NAME
Personal name Sachar, Louis
Dates associated with a name (1954-)
245 10 - TITLE STATEMENT
Title Marvin Redpost :
Remainder of title Kidnapped at birth? /
Statement of responsibility, etc. by Louis Sachar ; illustrated by Neal Hughes.
250 ## - EDITION STATEMENT
Edition statement This edition first published in 1992
260 ## - PUBLICATION, DISTRIBUTION, ETC.
Place of publication, distribution, etc. New York :
Name of publisher, distributor, etc. Random House,
Date of publication, distribution, etc. 1992.
300 ## - PHYSICAL DESCRIPTION
Extent 68 pages :
Other physical details illustrations ;
Dimensions 20 cm.
505 ## - FORMATTED CONTENTS NOTE
Formatted contents note L<br/>
520 ## - SUMMARY, ETC.
Summary, etc. Red-haired Marvin is convinced that the reason he looks different from the rest of his family is that he is really the lost prince of Shampoon.
521 8# - TARGET AUDIENCE NOTE
Target audience note 520<br/>
Source Lexile<br/>
521 8# - TARGET AUDIENCE NOTE
Target audience note L<br/>
Source Raz-Plus<br/>
650 #1 - SUBJECT ADDED ENTRY--TOPICAL TERM
Topical term or geographic name entry element Redheads
General subdivision Fiction.
650 #1 - SUBJECT ADDED ENTRY--TOPICAL TERM
Topical term or geographic name entry element Princes
General subdivision Fiction.
700 1# - ADDED ENTRY--PERSONAL NAME
Personal name Hughes, Neal
Relator term illustrator
906 ## - LOCAL DATA ELEMENT F, LDF (RLIN)
a 7
b cbc
c orignew
d 1
e ocip
f 19
g y-gencatlg
942 ## - ADDED ENTRY ELEMENTS (KOHA)
Source of classification or shelving scheme Dewey Decimal Classification
Koha item type Books
Suppress in OPAC No
Holdings
Withdrawn status Lost status Source of classification or shelving scheme Damaged status Not for loan Collection Home library Current library Shelving location Date acquired Total Checkouts Full call number Barcode Date last seen Copy number Price effective from Koha item type
    Dewey Decimal Classification     Juvenile Fiction Footprints International School Library Network Toul Tom Poung Campus Footprints International School Library Network Toul Tom Poung Campus TTP Primary Yellow Bookshelves 07/09/2025   SAC 813.54 PZ7.S1185 K FIS00059 07/09/2025 1 07/09/2025 Books